Viagra Boys Discography - Statistics

General Stats
  • This quiz has been taken 83 times
    72 since last reset
  • The average score is 34 of 69
Answer Stats
Album Song % Correct
Viagr Aboys Man Made of Meat
94%
Viagr Aboys Pyramid of Health
88%
Viagr Aboys The Bog Body
88%
Street Worms Sports
81%
Street Worms Worms
81%
Cave World ADD
75%
Cave World Return to Monke
75%
Cave World Troglodyte
75%
Viagr Aboys Uno II
75%
Viagr Aboys You N33d Me
75%
Viagr Aboys Medicine for Horses
69%
Cave World Punk Rock Loser
69%
Viagr Aboys Store Policy
69%
Cave World Ain't No Thief
63%
Street Worms Best in Show
63%
Viagr Aboys Dirty Boyz
63%
Viagr Aboys River King
63%
Viagr Aboys Waterboy
63%
Welfare Jazz Ain't Nice
56%
Cave World Baby Criminal
56%
Cave World Big Boy
56%
Cave World Creepy Crawlers
56%
Street Worms Down in the Basement
56%
Welfare Jazz Girls & Boys
56%
Welfare Jazz In Spite of Ourselves
56%
Street Worms Slow Learner
56%
Cave World The Cognitive Trade-Off Hypothesis
56%
Welfare Jazz 6 Shooter
50%
Welfare Jazz Best in Show II
50%
Cave World Cave Hole
50%
Street Worms Frogstrap
50%
Consistency of Energy Research Chemicals
50%
Street Worms (Deluxe Edition) Beijing Taxi
44%
Viagr Aboys Best in Show Pt. IV
44%
Common Sense Blue
44%
Call of the Wild Call of the Wild
44%
Welfare Jazz Cold Play
44%
Common Sense Common Sense
44%
Welfare Jazz Creatures
44%
Cave World (Deluxe Edition) It Ain't Enough
44%
Street Worms Just Like You
44%
Consistency of Energy Liquids
44%
Cave World (Deluxe Edition) Milk Farm
44%
Welfare Jazz Toad
44%
Welfare Jazz To the Country
44%
Street Worms Amphetanarchy
38%
Welfare Jazz (Deluxe Edition) Blue Bone
38%
Cave World Globe Earth
38%
Cave World Human Error
38%
Street Worms (Deluxe Edition) I Ain't Living Long Like This
38%
Welfare Jazz I Feel Alive
38%
Welfare Jazz Into the Sun
38%
Street Worms (Deluxe Edition) Jungle Man
38%
Common Sense Lick the Bag
38%
Welfare Jazz Secret Canine Agent
38%
Common Sense Sentinel Island
38%
Street Worms Shrimp Shack
38%
Street Worms (Deluxe Edition) Special Helmet
38%
Welfare Jazz This Old Dog
38%
Street Worms (Deluxe Edition) Up All Night
38%
Cave World (Deluxe Edition) Only Friend
31%
Cave World (Deluxe Edition) Stretch My Arms
31%
Welfare Jazz (Deluxe Edition) 16 Wheeler Horse
25%
Welfare Jazz (Deluxe Edition) Dream Interlude
25%
Consistency of Energy I Don't Remember That
25%
Welfare Jazz (Deluxe Edition) You and Me Baby
25%
Call of the Wild Baby Teeth
19%
Consistency of Energy Can't Get It Up
19%
Call of the Wild Upside Backwards
19%
No matching quizzes found
Score Distribution
Percent of People with Each Score
Percentile by Number Answered
Your Score History
You have not taken this quiz since the last reset